000 00897cab a2200193 4500
001 L136845
008 070227n2007 000 0 eng u
035 _a(Sirsi) u136845
041 _aeng
100 1 _aMcCormick, Helen
245 _aBovis shows new year resolution
260 _c2007
490 0 _aContract Journal
_v436(6613) 21 February 2007, 16-17(2)
520 _aBovis Lend Lease topped the new work winners monthly league table for January 2007, with HBG Construction in second place and Edmund Nuttall in third. Balfour Beatty stayed at the top of the new work winners table for the past 12 months. Forward orders in January 2007 reached £3.11bn, the highest total since February 2005. This high figure was down to greater activity in all sectors, except industrial.
590 _aKA
651 4 _aGREAT BRITAIN
690 _aBUILT ENVIRONMENT-CONSTRUCTION MARKET
942 _n0
999 _c78468
_d78468